00374 2200157 4500001002100000005001500021035002000036245004300056100001300099300001200112260003600124082000800160084001400168020002200182990001200204INLIS00000000000182320250507073252 a0010-05250001151 aKuliner Unik Super Kreatif /cRapatata0 aRapatata a114 hlm aJakarta :bPenerbit Plus,c2014 a600 a600 RAP k a978-602-1279-11-3 a0754733